| 000 | 00488nam a2200181Ia 4500 | ||
|---|---|---|---|
| 005 | 20250326144910.0 | ||
| 008 | 250326s9999 xx 000 0 und d | ||
| 037 | _aTextbook | ||
| 040 |
_aFMSL _beng _cFMSL |
||
| 041 |
_aeng _2eng |
||
| 084 |
_aX:87 N4;2 _qFMSL |
||
| 100 |
_aCollins J C _9735805 |
||
| 245 | 0 |
_aBuilt to last _cCollins J C; Porras J I |
|
| 260 |
_aNY _bNY, Harper Business _c1994 |
||
| 300 | _a342p | ||
| 942 |
_cTB _hX:87 N4;2 |
||
| 999 |
_c1305528 _d1305528 |
||